LEADER 01595nam a2200301 u 4500 001 000000105757 003 CaOOAMICUS 005 20070620120152.0 008 070620s2006 be c u000 u dut u 020 $a90-5867-567-X 040 $aPUL$bita 245 00$aJustus Lipsius(1547-1606) een geleerde en zijn europese netwerk :$bcatalogus van de tentoonstelling in de Centrale Bibliotheek te Leuven, 18 oktober - 20 december 2006 /$conder redactive van J. De Landtsheer, D. Sacré en C. Coppens. 260 $aLeuven :$bLeuven University Press,$c2006. 300 $axviii, 625 p. :$britr. ;$c26 cm 490 1 $aSupplementa humanistica Lovaniensia ;$v21 500 $aContiene indici. 504 $aBibliografia in nota. 600 14$aLipsius, Justus,$d1547-1606.$0(OLS)http://pul/subject/20361 700 1 $aCoppens, C.$0(OLS)http://pul/name/64946 700 1 $aSacré, Dirk.$0(OLS)http://pul/name/64945 700 1 $aDe Landsheer, J.$0(OLS)http://pul/name/35033 830 0$aSupplementa humanistica Lovaniensia ;$v21.$0(OLS)http://pul/title/64999 850 $aPUL 852 $aPUL$W1$xDP1 Riviste Correnti$y15$m1079.I.21$j118643$qPeriodici$B118508$CPULBib$Z2$F118508 $H103467 $82 941 1 $a5 996 $6020$a90-5867-567-X$9(OLS)http://pul/number/134930 996 $6245$aJustus Lipsius(1547-1606) een geleerde en zijn europese netwerk :$bcatalogus van de tentoonstelling in de Centrale Bibliotheek te Leuven, 18 oktober - 20 december 2006$9(OLS)http://pul/title/133130 996 $6260$aLeuven :$bLeuven University Press$9(OLS)http://pul/publisher/48301 LEADER 01402nam a2200313 a 4500 001 000000176753 003 CaOOAMICUS 005 20240410120610.0 008 240410s2023 it u000 u ita r 020 $a978-88-97789-19-2* 032 $aLibriCat 040 $aPUL$bita 082 04$a262.9 100 1 $aRossano, Stefano.$0(OLS)http://pul/name/83417 245 10$aPraedicate Evangelium :$bla Curia romana di Papa Francesco / $cStefano Rossano ; prefazione Francesco Card. Coccopalmerio. 260 $aRoma :$bValore italiano,$c©2023. 300 $a173 p. ;$c24 cm 504 $aBibliografia p. 149-173. 610 24$aPapi (2013-2025 : Franciscus)$tPraedicate Evangelium.$0(OLS)http://pul/subject/46621 650 04$aCuria Romana$xRiforma$yXXI sec.$0(OLS)http://pul/subject/44126 700 1 $aCoccopalmerio, Francesco,$ccardinale,$d1938-$0(OLS)http://pul/name/27382 850 $aPUL 852 $aPUL$W1$xSL Diritto Canonico 3$y77$m262. 9 ROSST 2$j200764$bDDC 21$B205715$CPULBib$Z2$F205715 $H136935 $81 941 1 $a9 996 $6020$a978-88-97789-19-2*$9(OLS)http://pul/number/169643 996 $6082$a262.9$9(OLS)http://pul/classification/369 996 $6245$aPraedicate Evangelium :$bla Curia romana di Papa Francesco / $9(OLS)http://pul/title/218239 996 $6260$aRoma :$bValore italiano$9(OLS)http://pul/publisher/87167